000 01665cam a22001814a 4500
005 20250605163502.0
008 250528s ||||||||||||||||||||||||d
035 _a20293
040 _aGR-AtMCL
_bgre
_dGR-AtMCL
_eAACR2
245 1 _aΕλληνικό Γενικό Λογιστικό Σχέδιο / Β' Έκδοση: Τροποποιημένη και Συμπληρωμένη
250 _a
260 _bΕΛΚΕΠΑ
_bΥπουργεία Εθνικής Οικονομίαςοικονομικών Εμπορίου,
_c1987
300 _a804
520 _aΓενική Εισαγωγή, Γενική Παρουσίαση του Θεσμού των Λογιστικών Σχεδίων, Διαδικασία Καθιερώσεως και Εφαρμογής του Ελληνικού ΓΛΣ, Περιεχόμενο του Ελληνικού ΓΛΣ, Παράρτημα Γενικής Εισαγωγής, Βασικές Αρχές - Διάρθρωση του Σχεδίου Λογαριασμών, Γενική Λογιστική, Σχέδιο Λογαριασμών Γενικής Λογιστικής, Πράξεις σε Συνάλλαγμα και άλλα Συναφή Θέματα, Λογαριασμοί Τάξεως, Οικονομικές Καταστάσεις - Αριθμοδείκτες, Αναλυτική Λογιστική Εκμεταλεύσεως, Αρχές Λογισμού του Κόστους, Παράρτημα της Αναλυτικής Λογιστικής Εκμεταλεύσεως, Η Πρότυπη Κοστολόγηση, Ο Προϋπολογιστικός Έλεγχος.
942 _cBK
999 _c5417
_d5417